Digressão Internacional por População - Statistics

Estatísticas Gerais
  • Esse quiz foi jogado 40 vezes
  • A pontuação média é 5 de 9
Estatísticas das Respostas
Population Country % Correto
1,836,978 Kosovo
69%
1,379,060,000 China
63%
1,297,540,000 Índia
63%
2,071,278 Macedónia
63%
10,858,018 Grécia
56%
194,406,000 Paquistão
50%
2,886,026 Albânia
47%
79,142,000 Turquia
47%
79,576,000 Irão
44%
Nenhum quiz correspondente encontrado
Distribuição das Pontuações
Porcentagem de Pessoas com Cada Pontuação
Percentil de Números Respondidos
Sua Pontuação Histórica
Você não jogou esse quiz